[Event "AUTO-OPEN-1448"]
[Site "http://www.queenalice.com/game.php?id=543224"]
[Date "2009.2.20"]
[Round "1"]
[White "TWehmuth"]
[Black "mateusamorim96"]
[Result "1-0"]
[WhiteElo "1761"]
[BlackElo "1466"]

1. e4 c5 2. Nf3 d6 3. d4 cxd4 4. Nxd4 Nf6 5. Nc3 e6 6. Be2 Be7 7. O-O O-O 8. f4
e5 9. Nb3 a6 10. a4 Nc6 11. Kh1 Bd7 12. Be3 Na7 13. Qe1 Bc6 14. Bf3 exf4 15.
Bxf4 h6 16. Rd1 Qc7 17. Qg3 Rad8 18. Bxh6 Ne8 19. Nd5 Bxd5 20. Rxd5 Qxc2 21. Nd4
1-0

[Event "AUTO-OPEN-1448"]
[Site "http://www.queenalice.com/game.php?id=543247"]
[Date "2009.2.20"]
[Round "1"]
[White "TWehmuth"]
[Black "Altos"]
[Result "1-0"]
[WhiteElo "1688"]
[BlackElo "1625"]

1. e4 e6 2. d4 d5 3. Nc3 Bb4 4. e5 c5 5. a3 Bxc3+ 6. bxc3 c4 7. Qg4 g6 8. Nf3
Qa5 9. Bd2 Qa4 10. Ra2 Qb5 11. Ra1 Qb2 12. Rc1 Qxa3 13. Be2 Ne7 14. O-O Qa4 15.
Rfd1 Qc6 16. g3 b5 17. h4 a5 18. Kg2 a4 19. Rh1 a3 20. h5 a2 21. Nh2 Qa6 22. Qf3
Nf5 23. Ng4 Nd7 24. Nh6 Nxh6 25. Bxh6 Qa3 26. Bd2 Qb2 27. hxg6 fxg6 28. Qe3 O-O
29. Rxh7 a1=Q 30. Qh6 1-0

[Event "AUTO-OPEN-1448"]
[Site "http://www.queenalice.com/game.php?id=543248"]
[Date "2009.2.20"]
[Round "1"]
[White "Altos"]
[Black "TWehmuth"]
[Result "0-1"]
[WhiteElo "1625"]
[BlackElo "1775"]

1. e4 e5 2. Bc4 Nf6 3. Nc3 Nc6 4. Nf3 Bc5 5. h3 h6 6. d3 O-O 7. a3 a6 8. Qe2 d6
9. b4 Ba7 10. Be3 Bxe3 11. Qxe3 Re8 12. Nd5 Nxd5 13. Bxd5 Nb8 14. O-O c6 15. Bc4
Be6 16. Bxe6 Rxe6 17. c4 Nd7 18. Rac1 Nf6 19. c5 Qc7 20. cxd6 Qxd6 21. Rfd1 Rd8
22. Rc3 Qc7 23. Nd2 Red6 24. Nc4 R6d7 25. Nb2 Rd4 26. Nc4 Nxe4 27. Rb3 Rxc4 28.
dxc4 Rxd1+ 29. Kh2 Nd2 30. Rd3 Nf1+ 0-1

[Event "AUTO-OPEN-1502"]
[Site "http://www.queenalice.com/game.php?id=566667"]
[Date "2009.4.4"]
[Round "1"]
[White "TWehmuth"]
[Black "miseriapopular"]
[Result "0-1"]
[WhiteElo "1733"]
[BlackElo "1907"]

1. e4 e5 2. Nf3 Nc6 3. Bb5 Nge7 4. c3 a6 5. Ba4 d6 6. d4 Bd7 7. O-O exd4 8. cxd4
h6 9. h4 b5 10. Bc2 Bg4 11. d5 Ne5 12. Nbd2 N7g6 13. g3 Nxf3+ 14. Nxf3 Ne5 15.
Kg2 Qf6 16. Bf4 Bxf3+ 17. Qxf3 Nxf3 18. Kxf3 g5 0-1

[Event "AUTO-OPEN-1502"]
[Site "http://www.queenalice.com/game.php?id=566668"]
[Date "2009.4.4"]
[Round "1"]
[White "miseriapopular"]
[Black "TWehmuth"]
[Result "0-1"]
[WhiteElo "1891"]
[BlackElo "1802"]

1. e4 e5 2. Nf3 Nf6 3. Nc3 Nc6 4. Bc4 Nxe4 5. Bxf7+ Kxf7 6. Nxe4 d5 7. Nc3 Bc5
8. d3 h6 9. h3 Be6 10. Nh2 Rf8 11. O-O Qf6 12. Ng4 Qg6 13. Nb5 Bxg4 14. Qxg4
Qxg4 15. hxg4 Bb6 16. Nc3 Ke6 17. Bd2 Rf6 18. Rae1 Raf8 19. Be3 d4 20. Ne4 dxe3
21. Nxf6 exf2+ 22. Kh1 fxe1=Q 0-1

[Event "AUTO-OPEN-1502"]
[Site "http://www.queenalice.com/game.php?id=566669"]
[Date "2009.4.4"]
[Round "1"]
[White "TWehmuth"]
[Black "PedroNRF"]
[Result "1-0"]
[WhiteElo "1851"]
[BlackElo "1808"]

1. e4 e5 2. Nf3 Qf6 3. Bc4 Bc5 4. c3 Ne7 5. d4 exd4 6. cxd4 Bb4+ 7. Nc3 Qg6 8.
O-O Bxc3 9. bxc3 Qxe4 10. Re1 Qc6 11. Qb3 Rf8 12. Ba3 d6 13. Bb5 Be6 14. Bxc6+
bxc6 15. Qb7 Kd7 16. Qxa8 a6 17. Rab1 Bd5 18. Rxb8 1-0

[Event "AUTO-OPEN-1502"]
[Site "http://www.queenalice.com/game.php?id=566670"]
[Date "2009.4.4"]
[Round "1"]
[White "PedroNRF"]
[Black "TWehmuth"]
[Result "0-1"]
[WhiteElo "1874"]
[BlackElo "1884"]

1. d4 d5 2. Bf4 Nf6 3. h3 Bf5 4. Nc3 e6 5. Nf3 Nbd7 6. a3 c5 7. Nb5 Rc8 8. Bd6
Qa5+ 9. c3 Qxb5 10. b3 Bxd6 11. e4 Qb6 12. exf5 exf5 13. Qe2+ Ne4 14. Qb2 O-O
15. Bd3 Rfe8 16. O-O cxd4 17. cxd4 Ndf6 18. Ne5 Bxe5 19. dxe5 Nd7 20. Bxe4 fxe4
21. Rad1 Rxe5 22. Rfe1 Qd6 23. Re3 Nf6 24. b4 Re7 25. Rg3 Qe5 26. Qd2 Rec7 27.
Rg5 Qd6 28. Rg3 Qc6 29. Qh6 Ne8 30. Qg5 Qf6 31. Qxd5 Rc1 32. Rf1 Qa1 33. Qb5 a6
34. Qe2 R8c2 35. Rxc1 Rxc1+ 36. Qf1 Rxf1+ 0-1

[Event "AUTO-OPEN-1659"]
[Site "http://www.queenalice.com/game.php?id=637365"]
[Date "2009.8.15"]
[Round "1"]
[White "Anil"]
[Black "TWehmuth"]
[Result "0-1"]
[WhiteElo "1279"]
[BlackElo "1884"]

1. e4 e5 2. Nc3 Nf6 3. Nh3 d5 4. exd5 Nxd5 5. Qh5 Nc6 6. g4 g6 7. Qxe5+ Nxe5 8.
Bg2 Nxc3 9. dxc3 Bxg4 10. f3 Nxf3+ 11. Kf2 Bc5+ 12. Be3 Qh4+ 13. Kf1 Bxe3 14.
Bxf3 Bxh3+ 15. Ke2 Qf2+ 16. Kd3 Qd2+ 17. Kc4 Be6+ 18. Kb4 Qd6+ 19. Ka4 Qa6+ 20.
Kb4 c5# 0-1

[Event "AUTO-OPEN-1659"]
[Site "http://www.queenalice.com/game.php?id=637366"]
[Date "2009.8.15"]
[Round "1"]
[White "TWehmuth"]
[Black "Anil"]
[Result "1-0"]
[WhiteElo "1884"]
[BlackElo "1277"]

1. e4 Nf6 2. e5 Ng4 3. Qxg4 h5 4. Qf3 e6 5. Bc4 g5 6. d4 g4 7. Qb3 c6 8. Ne2 b5
9. Bd3 Qa5+ 10. Bd2 Qb6 11. Nbc3 a5 12. a4 Rg8 13. axb5 a4 14. Rxa4 Rxa4 15.
Nxa4 Qa7 16. b6 Qb7 17. O-O f5 18. exf6 Rg6 19. Bxg6+ Kd8 20. Bg5 c5 21. f7+ Be7
22. f8=Q# 1-0

[Event "AUTO-OPEN-1659"]
[Site "http://www.queenalice.com/game.php?id=637391"]
[Date "2009.8.15"]
[Round "1"]
[White "snebur1956"]
[Black "TWehmuth"]
[Result "1-0"]
[WhiteElo "1987"]
[BlackElo "1854"]

1. e4 e5 2. Nf3 Nf6 3. d4 Nxe4 4. Bd3 d5 5. Nxe5 Be7 6. Nd2 Nxd2 7. Bxd2 O-O 8.
Qh5 g6 9. Qh6 Bf6 10. Qf4 Re8 11. O-O Nd7 12. Ng4 Bg7 13. Rfe1 Rxe1+ 14. Rxe1
Nf6 15. Nh6+ Bxh6 16. Qxh6 Ng4 17. Qf4 Qf6 18. Re8+ Kg7 19. Qg3 Qc6 20. Rd8 Nf6
21. Qg5 1-0

[Event "AUTO-OPEN-1659"]
[Site "http://www.queenalice.com/game.php?id=637392"]
[Date "2009.8.15"]
[Round "1"]
[White "TWehmuth"]
[Black "snebur1956"]
[Result "0-1"]
[WhiteElo "1868"]
[BlackElo "1975"]

1. e4 e5 2. Nf3 Nc6 3. Bb5 a6 4. Ba4 Nf6 5. O-O Be7 6. Re1 b5 7. Bb3 d6 8. c3
O-O 9. h3 Na5 10. Bc2 c5 11. d4 Qc7 12. Nbd2 cxd4 13. cxd4 Nc6 14. d5 Nb4 15.
Bb1 a5 16. Nf1 Bd7 17. a3 Na6 18. Ng3 Rfc8 19. Be3 Nc5 20. Bc2 Qb7 0-1

[Event "AUTO-OPEN-1659"]
[Site "http://www.queenalice.com/game.php?id=637410"]
[Date "2009.8.15"]
[Round "1"]
[White "CampbellMarcel"]
[Black "TWehmuth"]
[Result "0-1"]
[WhiteElo "1320"]
[BlackElo "1908"]

1. e4 e5 2. f4 exf4 3. Nf3 Nf6 4. e5 Nd5 5. c4 Nb6 6. b3 f6 7. Nc3 d6 8. exf6
Qxf6 9. Qe2+ Be7 10. Ne4 Qxa1 0-1

[Event "AUTO-OPEN-1448"]
[Site "http://www.queenalice.com/game.php?id=662130"]
[Date "2009.10.3"]
[Round "3"]
[White "odin2"]
[Black "TWehmuth"]
[Result "1-0"]
[WhiteElo "1896"]
[BlackElo "1908"]

1. e4 e5 2. Nf3 Nf6 3. Nc3 Nc6 4. Bb5 Nd4 5. Bc4 Be7 6. Nxe5 O-O 7. O-O d6 8.
Nd3 Re8 9. Nf4 a6 10. d3 b5 11. Bb3 Nxb3 12. axb3 Bb7 13. Ncd5 1-0

[Event "AUTO-OPEN-1448"]
[Site "http://www.queenalice.com/game.php?id=662131"]
[Date "2009.10.3"]
[Round "3"]
[White "TWehmuth"]
[Black "odin2"]
[Result "0-1"]
[WhiteElo "1886"]
[BlackElo "1912"]

1. e4 c5 2. Nf3 Nc6 3. d4 cxd4 4. Nxd4 e5 5. Nb5 Nf6 6. N1c3 a6 7. Nd6+ Bxd6 8.
Qxd6 Qe7 9. Qxe7+ Nxe7 10. Bg5 d6 11. O-O-O O-O 12. Rxd6 Be6 0-1